Loading...
| Fine Arts - Classical Music | 0 | 8 | 1 | 1 | 75 | 10 | 56.50 | 4 | 5 |
| Fine Arts - Other Fine Arts | 0 | 7 | 1 | 3 | 65 | 37 | 86.29 | 2 | 5 |
| Painting/Sculpture | 0 | 4 | 1 | 0 | 35 | 44 | 67.50 | 1 | 4 |
| Literature - American Literature | 0 | 3 | 0 | 0 | 30 | 72 | 89.00 | 0 | 2 |
| Literature - European Literature | 0 | 2 | 0 | 2 | 20 | 114 | 115.00 | 0 | 1 |
| History - American History | 0 | 2 | 0 | 0 | 20 | 54 | 75.00 | 0 | 1 |
| Geography | 0 | 2 | 0 | 2 | 20 | 93 | 103.00 | 0 | 1 |
| Social Science | 0 | 1 | 0 | 1 | 10 | 105 | 105.00 | 0 | 1 |
| History - World History | 0 | 1 | 0 | 1 | 10 | 108 | 108.00 | 1 | 1 |
| Literature - British Literature | 0 | 1 | 0 | 0 | 10 | 117 | 117.00 | 0 | 0 |
| Mythology | 0 | 1 | 0 | 1 | 10 | 112 | 112.00 | 0 | 0 |
| Religion | 0 | 1 | 0 | 1 | 10 | 108 | 108.00 | 0 | 0 |
| Science - Physics | 0 | 1 | 0 | 0 | 10 | 79 | 79.00 | 0 | 0 |